Farmaceutická chémia všeobecná návody na cvičenia

Bibliographic Details
Main Authors: Borovanský, Alois, 1922-2019 (Author), Blešová, Marie (Author), Bachratá, Mária (Author), Bezáková, Želmíra (Author), Matejeková, Viera (Author), Stankovičová, Mária (Author)
Format: Book
Language:Slovak
PhysicalDescription:135 s. tab., sch., grafy. 29 cm
Published: Bratislava Univerzita Komenského 1989
ISBN:8022301078
Edition:1. vyd.
Series:Vysokoškolské skriptá
Subjects:

MARC

LEADER 00000cam a2200000 a 4500
001 vtls001059814
003 SK-MaSNL
005 20260301061722.0
008 240513s1989 xo da frnp 00000 slo
015 |a SNBA1990/01 
020 |a 8022301078 
035 |a SNK000002642 
040 |a SNK  |b slo  |c SNK  |e AACR2 
041 0 |a slo 
044 |a xo  |c SK 
080 |a 615:54(075.8)  |2 1981 
080 |a 54(075.8)  |2 1981 
080 |a 54  |2 1981 
080 |a 615(075.8)  |2 1981 
100 1 |a Borovanský, Alois,  |d 1922-2019  |4 aut  |9 224490 
245 1 0 |a Farmaceutická chémia všeobecná  |b návody na cvičenia  |c Alois Borovanský ; Marie Blešová, Mária Bachratá, Želmíra Bezáková, Viera Matejeková, Mária Stankovičová 
250 |a 1. vyd. 
260 |a Bratislava  |b Univerzita Komenského  |c 1989  |e Bratislava  |f Polygrafické stredisko UK 
300 |a 135 s.  |b tab., sch., grafy.  |c 29 cm 
366 |e 330 výtl. 
490 1 |a Vysokoškolské skriptá 
504 |a Obsahuje bibliografiu 
650 0 7 |a farmaceutická chémia  |2 SNKPH  |9 67178 
655 7 |a učebnice vysokých škôl  |2 SNKPH  |9 70191 
655 7 |a Textbooks (higher)  |2 SNKPHeng  |9 276436 
700 1 |a Blešová, Marie  |4 aut  |9 6932 
700 1 |a Bachratá, Mária  |4 aut  |9 279703 
700 1 |a Bezáková, Želmíra  |4 aut  |9 375229 
700 1 |a Matejeková, Viera  |4 aut  |9 375230 
700 1 |a Stankovičová, Mária  |4 aut  |9 15548 
830 0 |a Vysokoškolské skriptá  |9 276440 
852 |a Slovenská národná knižnica 
919 |a 80-223-0107-8 
954 |a odborná, vedecká literatúra pôvodná (slovenská)  |2 lita 
958 |a OND 
958 |a NB 
958 |a RM 
958 |a UV 
999 |c 618092  |d 620022 
952 |t P60, <04>, [BOOK], {604}  |a SNK  |b SNK  |y VYP  |7 0  |p 17A0031118  |o snkSB 45844 D1  |0 0  |1 0  |4 0  |d 1997-01-14  |l 0  |r 2004-12-31 00:00:00  |w 2026-02-23 
952 |a SNK  |b SNK  |y PREZ  |7 0  |p 17A0860537  |o snkSB 45844  |0 0  |1 0  |4 0  |d 2012-07-17  |f 1  |l 0  |r 2025-05-19 00:00:00  |w 2026-02-23